01106nam a2200325 c 450000100060000000300100000600500170001600700030003300800570003602000180009304000350011104100080014608200180015410000360017224500920020825000180030026400550031830000180037333600270039133700330041833800280045149000350047950400380051452100410055254500660059365000250065965000310068465000340071570000310074958968CO-BoRNBP20250901153909.0ta221026s2016 ck er dspa d spa a9789588926254 aCO-BoRNBPbspaerdacCO-BoRNBP0 aspa04a334bL18e222 aLaville, JeanLouis,d1954-eaut13aLa economía solidaria /cJean-Louis Laville ; traducción Carlos Ramírez Cháves. a1a. edición 1aBogotá, Colombia :bEdiciones desde abajo,c2016 a151 páginas atextobtxt2rdacontent asin mediaciónbn2rdamedia avolumenbnc2rdacarrier0 aColección primeros pasosv17 aBibliografía: páginas 137-151 aRecomendado para un público adulto aIncluye datos biográficos del autor en la contra carátula07aCooperativismo2lemb07aEconomía solidaria2LEMB07aMutualismo (economía)2lemb aRamírez Cháves, Carlos